00629cam a22001811 450000100100000000500170001000800410002704000280006808200150009610000360011124500270014726000500017430000210022465000350024591000340028095201180031499900150043200000148820200929145609.0731227s1965 gw 000 1 ger  aDO-SdBNPcOTUdInUdDLC a814bW429f1 aWeiss, Peter,d1916-1982.9492010aFluchtpunkt; :bRoman. aFrankfurt am Main :bSuhrkamp, Verlag,c1965. a307 p. ;c19 cm. 4aLiteratura estadounidense9263 aCatalogación por copia / LC 001052708MOaGRbGRcHDd2009-09-22iLF1l0o814 W429fp1488-10r2020-06-25w2020-06-25y2ZPréstamo interno c1394d1394